| 000 | 00499nam a2200181Ia 4500 | ||
|---|---|---|---|
| 005 | 20250508150605.0 | ||
| 008 | 008 250505s9999 xx 000 0 eng d | ||
| 037 | _aTextual | ||
| 040 |
_aFEDL _beng _cFEDL |
||
| 041 |
_aeng _2eng |
||
| 084 |
_a321.04, WRI _qFEDL |
||
| 100 |
_aWirth Quincy Ed. _9757122 |
||
| 245 | 0 | _aWorld community | |
| 260 |
_aChicago, USA _bThe University of Chicago Press |
||
| 300 | _ax,322p. | ||
| 942 |
_cTEXL _h321.04, WRI |
||
| 999 |
_c1324437 _d1324437 |
||